| 000 | 01044cam a22002533a 4500 | ||
|---|---|---|---|
| 001 | 1446 | ||
| 003 | PGUSA | ||
| 005 | 20140828083001.0 | ||
| 008 | 980901s1998||||xxu|||||s|||||000 | eng d | ||
| 040 |
_aPGUSA _beng |
||
| 042 | _adc | ||
| 050 | 4 | _aPN | |
| 100 | 1 |
_aStewart, Donald Ogden, _d1894-1980 |
|
| 245 | 1 | 0 |
_aPerfect Behavior : _bA Guide for Ladies and Gentlemen in All Social Crises _h[electronic resource] / _cDonald Ogden Stewart |
| 260 |
_bProject Gutenberg, _c1998 |
||
| 505 | 0 | _aThe etiquette of courtship -- The etiquette of engagements and weddings -- The etiquette of travel -- At the concert and the opera -- Etiquette for dry agents -- A chapter for schoolgirls -- The etiquette of games and sports -- Correspondence and invitations -- The etiquette of dinners and balls. | |
| 506 | _aPublic domain in the USA. | ||
| 516 | _aElectronic text | ||
| 653 | _aEtiquette -- Humor | ||
| 700 | 1 |
_aBarton, Ralph, _d1891-1931 |
|
| 830 | 0 |
_aProject Gutenberg _v1446 |
|
| 856 | 4 | 0 | _uhttp://www.gutenberg.org/ebooks/1446 |
| 942 | _cEB | ||
| 999 |
_c230794 _d230794 |
||